header

Gottfried Semper and the problem of historicism (Record no. 111495)

MARC details
000 -LEADER
fixed length control field 01258nam a2200313Ia 4500
100 1# - MAIN ENTRY--AUTHOR NAME
Personal name Hvattum, Mari,
245 10 - TITLE STATEMENT
Title Gottfried Semper and the problem of historicism
260 ## - PUBLICATION, DISTRIBUTION, ETC. (IMPRINT)
Place of publication Cambridge, UK ;
-- New York :
Name of publisher Cambridge University Press,
Year of publication 2004.
300 ## - PHYSICAL DESCRIPTION
Number of Pages xiii, 274 p. :
Other physical details ill.
650 #0 - SUBJECT ADDED ENTRY--TOPICAL TERM
Topical Term Historicism in architecture.
Topical Term Historicism.
856 40 - ELECTRONIC LOCATION AND ACCESS
Uniform Resource Identifier http://site.ebrary.com/lib/rucke/Doc?id=10120467

No items available.

© 2026 Rongo University
Contact us: librarian | system librarian | Rongo university